[Event "15th Varna it"]
[Site "Varna BUL"]
[Date "1976.05.??"]
[Round "10"]
[White "Suba, Mihai"]
[Black "Hernandez Onna, Roman"]
[Result "1/2-1/2"]
[WhiteElo "2450"]
[BlackElo "2460"]
[EventDate "1976.05.07"]
[PlyCount "29"]

1. c4 Nf6 2. Nc3 c5 3. Nf3 e6 4. g3 b6 5. Bg2 Bb7 6. O-O Be7 7. Re1 d5 8. cxd5
exd5 9. d4 O-O 10. Bg5 Nbd7 11. Rc1 h6 12. Bxf6 Nxf6 13. Ne5 Re8 14. e3 Ne4 15.
Bxe4 1/2-1/2

[Event "15th Varna it"]
[Site "Varna BUL"]
[Date "1976.05.??"]
[Round "11"]
[White "Barczay, Laszlo"]
[Black "Espig, Lutz"]
[Result "0-1"]
[WhiteElo "2485"]
[BlackElo "2480"]
[EventDate "1976.05.07"]
[PlyCount "86"]

1.e4 c5 2.Nf3 e6 3.c3 d5 4.exd5 exd5 5.d4 Nc6 6.Be2 Bd6 7.dxc5 Bxc5 8.O-O 
Nge7 9.Bg5 O-O 10.Nbd2 Bg4 11.Nb3 Bd6 12.Nfd4 Bxe2 13.Qxe2 Qd7 14.Nb5 Rfe8
15.Nxd6 Qxd6 16.Rfe1 h6 17.Bd2 a6 18.Rad1 Ng6 19.Be3 Rad8 20.Nd4 Re4 21.
Nxc6 Qxc6 22.Qd2 Ne5 23.f3 Nc4 24.Qf2 Rxe3 25.Rxe3 Nxe3 26.Qxe3 Qa4 27.Qd4
Qxa2 28.c4 Qa4 29.cxd5 Qxd4+ 30.Rxd4 Kf8 31.Kf2 Ke7 32.Ke3 Kd6 33.Rf4 Re8+
34.Kd4 f6 35.Rg4 g5 36.Re4 Re5 37.Kc4 Rxd5 38.Re8 Rc5+ 39.Kb3 h5 40.h4 
gxh4 41.Re4 Re5 42.Rxh4 Re2 43.Rxh5 Rxg2 0-1

[Event "15th Varna it"]
[Site "Varna BUL"]
[Date "1976.05.??"]
[Round "11"]
[White "Ermenkov, Evgeny"]
[Black "Prodanov, Dimitar"]
[Result "0-1"]
[WhiteElo "2435"]
[BlackElo "2315"]
[EventDate "1976.05.07"]
[PlyCount "64"]

1. d4 Nf6 2. Nf3 d6 3. c4 Nbd7 4. Bf4 g6 5. Nc3 Bg7 6. h3 O-O 7. e3 c6 8. Be2
a6 9. O-O b5 10. a3 Nb6 11. b3 bxc4 12. bxc4 Nh5 13. Bh2 Be6 14. Nd2 Nf6 15.
Rc1 c5 16. d5 Bd7 17. e4 Ne8 18. Nf3 Qc7 19. Bd3 e5 20. dxe6 Bxe6 21. Qe2 Nf6
22. Rfd1 Nfd7 23. Nd5 Bxd5 24. cxd5 Rfe8 25. Qc2 Bh6 26. Rb1 c4 27. Nd4 Qc5 28.
Bf1 Qxa3 29. Nc6 Qc5 30. Kh1 Nb8 31. f3 Be3 32. Qc3 Na4 {90 moves} 0-1

[Event "15th Varna it"]
[Site "Varna BUL"]
[Date "1976.05.??"]
[Round "11"]
[White "Hernandez Onna, Roman"]
[Black "Spiridonov, Nikola"]
[Result "1-0"]
[WhiteElo "2460"]
[BlackElo "2490"]
[EventDate "1976.05.07"]
[PlyCount "61"]

1.d4 Nf6 2.c4 g6 3.Nc3 d5 4.Nf3 Bg7 5.e3 O-O 6.Be2 c5 7.O-O cxd4 8.exd4 
Nc6 9.Re1 b6 10.Ne5 Bb7 11.Bf3 Na5 12.cxd5 Nxd5 13.Bd2 Rc8 14.Rc1 e6 15.
Qe2 Nxc3 16.Bxc3 Bxf3 17.Qxf3 Nc4 18.Nc6 Qd7 19.d5 Bxc3 20.Qxc3 Na5 21.b4 
Nxc6 22.dxc6 Qd5 23.Red1 Qxa2 24.c7 a5 25.b5 a4 26.Qc6 a3 27.Qxb6 Qb2 28.
Qc6 a2 29.b6 Ra8 30.Ra1 Qb3 31.Rdc1 1-0

[Event "15th Varna it"]
[Site "Varna BUL"]
[Date "1976.05.??"]
[Round "11"]
[White "Inkiov, Ventzislav"]
[Black "Kuzmin, Gennady"]
[Result "0-1"]
[WhiteElo "2330"]
[BlackElo "2565"]
[EventDate "1976.05.07"]
[PlyCount "42"]

1.d4 Nf6 2.c4 e6 3.g3 d5 4.Bg2 Be7 5.Nf3 O-O 6.O-O dxc4 7.Qc2 a6 8.a4 b6 
9.Qxc4 Bb7 10.Nc3 b5 11.Qd3 b4 12.Nb1 c5 13.Rd1 Be4 14.Qb3 Nc6 15.Nbd2 Na5
16.Qe3 Bc2 17.Rf1 Nd5 18.Qe5 Bf5 19.e4 f6 20.Qxf5 exf5 21.exd5 c4 0-1

[Event "15th Varna it"]
[Site "Varna BUL"]
[Date "1976.05.??"]
[Round "11"]
[White "Knezevic, Milorad"]
[Black "Suba, Mihai"]
[Result "1/2-1/2"]
[WhiteElo "2460"]
[BlackElo "2450"]
[EventDate "1976.05.07"]
[PlyCount "39"]

1. g3 g6 2. Bg2 Bg7 3. e4 d6 4. d4 e5 5. Ne2 Nc6 6. c3 Nf6 7. O-O O-O 8. h3 Re8
9. d5 Nb8 10. c4 Kh8 11. Nbc3 Ng8 12. Be3 f5 13. Qd2 Nf6 14. exf5 gxf5 15. f4
Nbd7 16. fxe5 Nxe5 17. b3 Qe7 18. Bf4 Qf7 19. Rae1 a6 20. Be3 1/2-1/2

[Event "15th Varna it"]
[Site "Varna BUL"]
[Date "1976.05.??"]
[Round "11"]
[White "Tompa, Janos"]
[Black "Srebrov, Hristo"]
[Result "1-0"]
[WhiteElo "2415"]
[BlackElo "2280"]
[EventDate "1976.05.07"]
[PlyCount "94"]

1. e4 e6 2. d3 d5 3. Nd2 Nf6 4. Ngf3 c5 5. g3 Nc6 6. Bg2 Be7 7. O-O b6 8. Re1
Bb7 9. c3 Qc7 10. a3 h6 11. b4 dxe4 12. dxe4 e5 13. Bb2 O-O 14. b5 Na5 15. c4
Bd6 16. Qc2 Rfe8 17. Nf1 Rad8 18. Rad1 Nh7 19. Ne3 f6 20. Bc3 Nf8 21. Bxa5 bxa5
22. Nd5 Qb8 23. Bh3 Bc8 24. Bf5 Ne6 25. Bxe6+ Bxe6 26. Nh4 Kh7 27. Nf5 Bxd5 28.
Rxd5 Bf8 29. Red1 Rxd5 30. Rxd5 a6 31. a4 Qd6 32. Qd3 axb5 33. cxb5 Rc8 34. Qc4
Qe6 35. Kg2 Kh8 36. Ne3 Qb6 37. Rd7 Rd8 38. Qd5 Rxd7 39. Qxd7 c4 40. Nxc4 Qc5
41. Qc6 Qb4 42. b6 Bc5 43. b7 Ba7 44. Qb5 Kg8 45. Kf3 Kf7 46. Qxa5 Qb3+ 47. Ne3
Bxe3 1-0

[Event "15th Varna it"]
[Site "Varna BUL"]
[Date "1976.05.??"]
[Round "12"]
[White "Kuzmin, Gennady"]
[Black "Barczay, Laszlo"]
[Result "1/2-1/2"]
[WhiteElo "2565"]
[BlackElo "2485"]
[EventDate "1976.05.07"]
[PlyCount "90"]

1.e4 e5 2.Nf3 d6 3.d4 exd4 4.Nxd4 Nf6 5.Bd3 g6 6.O-O Bg7 7.c4 O-O 8.Nc3 
Nc6 9.Nxc6 bxc6 10.Bg5 h6 11.Bd2 Nd7 12.f4 Rb8 13.Rb1 Nc5 14.Bc2 f5 15.b4 
Ne6 16.Ne2 c5 17.exf5 Nd4 18.Nxd4 Bxd4+ 19.Kh1 Bxf5 20.Bxf5 Rxf5 21.b5 d5 
22.Qc2 dxc4 23.Qxc4+ Qd5 24.Qxd5+ Rxd5 25.a4 Re8 26.Ba5 Rd7 27.Rfe1 Rxe1+ 
28.Rxe1 Kf7 29.g3 Bf6 30.Re4 Re7 31.Rxe7+ Kxe7 32.Kg2 Kd6 33.Kf3 c4 34.Ke4
Kc5 35.g4 c6 36.bxc6 Kxc6 37.Bb4 c3 38.Kd3 Kd5 39.Bf8 h5 40.g5 Bd4 41.f5 
gxf5 42.Bb4 Be5 43.h3 Bf4 44.g6 Be5 45.a5 a6 1/2-1/2

[Event "15th Varna it"]
[Site "Varna BUL"]
[Date "1976.05.??"]
[Round "12"]
[White "Prodanov, Dimitar"]
[Black "Hernandez Onna, Roman"]
[Result "1/2-1/2"]
[WhiteElo "2315"]
[BlackElo "2460"]
[EventDate "1976.05.07"]
[PlyCount "82"]

1. e4 d6 2. d4 Nf6 3. Nc3 g6 4. Nf3 Bg7 5. Be2 O-O 6. O-O c6 7. e5 dxe5 8. Nxe5
Be6 9. Bf4 Qc8 10. Qd2 Rd8 11. Qe3 Nbd7 12. h3 Nb6 13. Bg3 a5 14. a3 c5 15.
dxc5 Nbd5 16. Nxd5 Nxd5 17. Qd4 Nf6 18. Qe3 Nd5 19. Qd4 Nf6 20. Qa4 Qxc5 21.
Rad1 Nd5 22. Nd3 Qa7 23. Be5 Bxe5 24. Nxe5 Rdc8 25. c3 Ne3 26. Nxg6 hxg6 27.
fxe3 Qxe3+ 28. Rf2 Qb6 29. Qb5 Qxb5 30. Bxb5 Rc5 31. Be2 Rd5 32. Kf1 Rad8 33.
Rxd5 Bxd5 34. Ke1 e5 35. Bf1 Bc6 36. Rd2 Rxd2 37. Kxd2 f5 38. b4 axb4 39. cxb4
g5 40. b5 Bd5 41. Kc3 Kf8 1/2-1/2

[Event "15th Varna it"]
[Site "Varna BUL"]
[Date "1976.05.??"]
[Round "12"]
[White "Spiridonov, Nikola"]
[Black "Knezevic, Milorad"]
[Result "1/2-1/2"]
[WhiteElo "2490"]
[BlackElo "2460"]
[EventDate "1976.05.07"]
[PlyCount "29"]

1. e4 c6 2. d4 d5 3. exd5 cxd5 4. Bd3 Nc6 5. c3 g6 6. Bf4 Bg7 7. h3 Nf6 8. Nf3
O-O 9. O-O Bf5 10. Bxf5 gxf5 11. Nbd2 e6 12. Qb3 Qd7 13. Ne5 Qc8 14. Rac1 Nd7
15. Nef3 1/2-1/2

[Event "15th Varna it"]
[Site "Varna BUL"]
[Date "1976.05.??"]
[Round "12"]
[White "Srebrov, Hristo"]
[Black "Pribyl, Josef"]
[Result "0-1"]
[WhiteElo "2280"]
[BlackElo "2435"]
[EventDate "1976.05.07"]
[PlyCount "44"]

1. c4 Nf6 2. Nc3 d5 3. cxd5 Nxd5 4. g3 g6 5. Bg2 Nb6 6. Nf3 Bg7 7. O-O O-O 8.
d3 Nc6 9. Be3 h6 10. Rc1 e5 11. b4 Re8 12. b5 Nd4 13. a4 Be6 14. a5 Nd5 15.
Bxd4 exd4 16. Nxd5 Bxd5 17. Re1 a6 18. Qa4 Qd7 19. Rb1 Ra7 20. Nd2 Bxg2 21.
Kxg2 Re5 22. Nc4 Qd5+ 0-1

[Event "15th Varna it"]
[Site "Varna BUL"]
[Date "1976.05.??"]
[Round "12"]
[White "Suba, Mihai"]
[Black "Inkiov, Ventzislav"]
[Result "1-0"]
[WhiteElo "2450"]
[BlackElo "2330"]
[EventDate "1976.05.07"]
[PlyCount "99"]

1.c4 e5 2.Nc3 Nf6 3.Nf3 Nc6 4.e3 Bb4 5.Qc2 O-O 6.Be2 Re8 7.O-O Bxc3 8.bxc3
e4 9.Ne1 d6 10.f3 exf3 11.Nxf3 Bg4 12.Rb1 Rb8 13.d3 Ne5 14.e4 Bxf3 15.gxf3
Ng6 16.f4 Nd7 17.f5 Nge5 18.Bf4 Kh8 19.Kh1 g5 20.fxg6 fxg6 21.Qd2 Qe7 22.
Bg5 Qe6 23.Qe3 Rf8 24.Bh6 Rxf1+ 25.Rxf1 Re8 26.Qf4 Kg8 27.Kg1 Qe7 28.Bg5 
Qf7 29.Bh6 Qe7 30.Qg3 Nf7 31.Bf4 Nc5 32.Bd1 Rf8 33.Bc2 Ne6 34.Be3 Ne5 35.
Rxf8+ Qxf8 36.c5 Qf6 37.cxd6 cxd6 38.Bb3 Kg7 39.d4 Nf3+ 40.Kh1 Nfg5 41.Qg2
h5 42.Bc4 Nf4 43.Qg3 Ngh3 44.Bf1 Qe6 45.Qf3 g5 46.d5 Qd7 47.Bxh3 Qxh3 48.
Qxh3 Nxh3 49.Bxa7 Nf4 50.Bb8 1-0

[Event "15th Varna it"]
[Site "Varna BUL"]
[Date "1976.05.??"]
[Round "12"]
[White "Tompa, Janos"]
[Black "Ermenkov, Evgeny"]
[Result "1/2-1/2"]
[WhiteElo "2415"]
[BlackElo "2435"]
[EventDate "1976.05.07"]
[PlyCount "63"]

1. e4 c5 2. Nf3 Nc6 3. d4 cxd4 4. Nxd4 Nf6 5. Nc3 d6 6. g3 g6 7. Bg2 Nxd4 8.
Qxd4 Bg7 9. O-O O-O 10. Qd3 Bd7 11. Bd2 Qb6 12. b3 Rfc8 13. Rac1 a6 14. Nd5
Nxd5 15. exd5 Qd4 16. Qxd4 Bxd4 17. c3 Bf6 18. Be4 b5 19. c4 bxc4 20. Rxc4 Rxc4
21. bxc4 Rb8 22. Rb1 Rxb1+ 23. Bxb1 Bd4 24. Ba5 Kf8 25. Kf1 Ke8 26. h4 Bc5 27.
Ke2 e5 28. Bc2 Ke7 29. f3 f5 30. Bd3 Ba4 31. Ke1 Be8 32. Ke2 1/2-1/2

[Event "15th Varna it"]
[Site "Varna BUL"]
[Date "1976.05.??"]
[Round "13"]
[White "Barczay, Laszlo"]
[Black "Suba, Mihai"]
[Result "1/2-1/2"]
[WhiteElo "2485"]
[BlackElo "2450"]
[EventDate "1976.05.07"]
[PlyCount "140"]

1.g3 g6 2.Bg2 Bg7 3.c4 Nf6 4.Nc3 O-O 5.d4 d6 6.Nf3 Nbd7 7.O-O e5 8.e4 Re8 
9.h3 a5 10.Re1 c6 11.Be3 exd4 12.Nxd4 Nc5 13.Qc2 a4 14.Rab1 Nfd7 15.b4 
axb3 16.axb3 Ne5 17.Rbd1 Qa5 18.f4 Ned7 19.Rb1 Qb4 20.Re2 f5 21.Bf2 fxe4 
22.Nxe4 Nxe4 23.Rxe4 Rxe4 24.Qxe4 Nf8 25.Nc2 Qa5 26.g4 Bd7 27.Qd3 Qa2 28.
Nb4 Qa3 29.Qxd6 Bc3 30.Be1 Bxe1 31.Rxe1 Qxb3 32.Nd5 cxd5 33.Bxd5+ Be6 34.
Bxe6+ Nxe6 35.Qxe6+ Kh8 36.Qe5+ Kg8 37.Qd5+ Kf8 38.Qd6+ Kg8 39.Qe6+ Kf8 
40.Kg2 Ra2+ 41.Re2 Rxe2+ 42.Qxe2 b6 43.Qe6 Qc2+ 44.Kg3 Qd3+ 45.Kh4 Qd8+ 
46.Kg3 Qd3+ 47.Kf2 Qd2+ 48.Kf3 Qd3+ 49.Qe3 Qxc4 50.Qxb6 Qf1+ 51.Kg3 Qe1+ 
52.Qf2 Qc3+ 53.Kh2 Qd3 54.h4 Kg7 55.Qb2+ Kg8 56.h5 gxh5 57.gxh5 Kf7 58.Qe5
Qf3 59.Qf5+ Kg8 60.Qe6+ Kf8 61.Qf6+ Kg8 62.Qf5 Qb3 63.Qg4+ Kf7 64.Qd7+ Kg8
65.Kg2 Qa3 66.Qd5+ Kf8 67.Qf3 Qc5 68.Kh3 Kg7 69.Qg4+ Kh6 70.Qe6+ Kxh5 
1/2-1/2

[Event "15th Varna it"]
[Site "Varna BUL"]
[Date "1976.05.??"]
[Round "13"]
[White "Ermenkov, Evgeny"]
[Black "Srebrov, Hristo"]
[Result "1-0"]
[WhiteElo "2435"]
[BlackElo "2280"]
[EventDate "1976.05.07"]
[PlyCount "97"]

1. e4 e6 2. d4 d5 3. Nd2 Nf6 4. e5 Nfd7 5. c3 c5 6. f4 Nc6 7. Ndf3 cxd4 8. cxd4
Qb6 9. g3 a5 10. Kf2 a4 11. Kg2 g6 12. Ne2 a3 13. b3 Bb4 14. Be3 Ne7 15. g4 Nb8
16. Rc1 Bd7 17. Rc2 Na6 18. Nc1 h5 19. h3 Rc8 20. Rxc8+ Bxc8 21. Bd3 Bd7 22.
Bb1 Bb5 23. Nd3 Bxd3 24. Bxd3 Bc3 25. Rf1 Nb4 26. Bb1 Nbc6 27. Qd3 Bb2 28. Rd1
Nb4 29. Qd2 Qb5 30. Bf2 Nbc6 31. Qe3 Qb6 32. Be1 Nb4 33. Bh4 Nbc6 34. Bf6 Rg8
35. Kf2 Qb4 36. Qd3 hxg4 37. hxg4 Qc3 38. Qxc3 Bxc3 39. Ke3 Bb4 40. Rc1 Nc8 41.
Rh1 N8a7 42. Bd3 Bc3 43. Rh7 Bb2 44. Ng5 Bc1+ 45. Kf2 Bxf4 46. Nxf7 Nc8 47. Kf3
Bh2 48. Nh6 Nxd4+ 49. Kg2 1-0

[Event "15th Varna it"]
[Site "Varna BUL"]
[Date "1976.05.??"]
[Round "13"]
[White "Hernandez Onna, Roman"]
[Black "Tompa, Janos"]
[Result "1/2-1/2"]
[WhiteElo "2460"]
[BlackElo "2415"]
[EventDate "1976.05.07"]
[PlyCount "23"]

1. c4 Nf6 2. Nc3 d6 3. d4 Nbd7 4. Nf3 g6 5. e4 Bg7 6. e5 Ng8 7. Bf4 h6 8. h3
dxe5 9. dxe5 e6 10. Bd3 Ne7 11. Qe2 Nc6 12. Rd1 1/2-1/2

[Event "15th Varna it"]
[Site "Varna BUL"]
[Date "1976.05.??"]
[Round "13"]
[White "Inkiov, Ventzislav"]
[Black "Spiridonov, Nikola"]
[Result "1-0"]
[WhiteElo "2330"]
[BlackElo "2490"]
[EventDate "1976.05.07"]
[PlyCount "67"]

1.d4 e6 2.e4 d5 3.Nc3 Bb4 4.e5 b6 5.a3 Bxc3+ 6.bxc3 Qd7 7.Qg4 f5 8.Qg3 Ba6
9.Bxa6 Nxa6 10.Ne2 O-O-O 11.a4 Nb8 12.Qd3 Nc6 13.Bg5 Nge7 14.a5 Rhe8 15.
O-O Kb7 16.Rfb1 Rb8 17.axb6 cxb6 18.Qa6+ Kc7 19.c4 dxc4 20.Qxc4 Nc8 21.Rd1
Kb7 22.Qb3 h6 23.Be3 g5 24.f4 g4 25.c4 Ka8 26.d5 Na5 27.Qa2 Ne7 28.c5 Nxd5
29.cxb6 Nc6 30.Nd4 Rb7 31.Nb5 Reb8 32.Qa4 Rxb6 33.Nxa7 Qxa7 34.Qxc6+ 1-0

[Event "15th Varna it"]
[Site "Varna BUL"]
[Date "1976.05.??"]
[Round "13"]
[White "Pribyl, Josef"]
[Black "Espig, Lutz"]
[Result "1/2-1/2"]
[WhiteElo "2435"]
[BlackElo "2480"]
[EventDate "1976.05.07"]
[PlyCount "32"]

1. Nf3 d5 2. d4 e6 3. c4 c5 4. cxd5 exd5 5. Nc3 Nc6 6. g3 Nf6 7. Bg2 Be7 8. O-O
O-O 9. dxc5 Bxc5 10. Bg5 Be6 11. Bxf6 Qxf6 12. Nxd5 Qxb2 13. Nc7 Rad8 14. Qc1
Qxc1 15. Raxc1 b6 16. Nxe6 fxe6 1/2-1/2